| 000 | 01495nam a2200337 a 4500 | ||
|---|---|---|---|
| 001 | 00000253 | ||
| 003 | DO-SdBNP | ||
| 005 | 20160627134408.0 | ||
| 007 | 00000253 | ||
| 008 | 150130s2012 dr ac 000 0 spa d | ||
| 020 | _a9789945174298 | ||
| 040 |
_aBPMSU _bspa _cBPMSU |
||
| 092 |
_a372.257 _bC569n, 7mo. 2012 |
||
| 245 | 0 | 0 |
_aCiencias naturales 7 : _beducación básica / _ccolaboración Teresita Romero ... [et al.]; dirección editorial Doris Arroba Jácome ; ilustraciones Henry Cid |
| 260 |
_aSanto Domingo : _bSM, _c2012. |
||
| 300 |
_a191 p. : _bil., retrs. ; _c29 cm. |
||
| 490 | 1 | _aProyecto Sé | |
| 505 | 1 |
_tCoordinación y relación entre los seres vivos -- _tRelación en los seres humanos -- _tHerencia y genética -- _tEcosistemas terrestre y acuáticos -- _tContaminación en los ecosistemas -- _tPropiedades de la materia -- _tComposición de la materia -- _tLa energía de las ondas -- _tLa tierra y el universo -- _tEvolución de la tierra y de la vida -- |
|
| 650 | 4 |
_aCIENCIAS NATURALES _xENSEÑANZA BÁSICA |
|
| 650 | 4 |
_aCIENCIAS NATURALES _xEDUCACIÓN PRIMARIA |
|
| 650 | 4 |
_aEDUCACIÓN PRIMARIA _zREPÚBLICA DOMINICANA |
|
| 650 | 4 |
_aCIENCIAS NATURALES _xESTUDIOS Y EJERCICIOS |
|
| 650 |
_aCIENCIAS NATURALES _xLIBROS DE TEXTOS |
||
| 700 | 1 | 2 |
_aRomero, Teresita _ecolab. |
| 700 | 1 | 2 |
_aArroba Jácome, Doris _eed, |
| 700 | 1 | 2 |
_aCid, Henry _eil. |
| 830 | 0 | _aProyecto Sé | |
| 910 | _aValidado. Control de calidad MFF | ||
| 942 |
_2ddc _cBK |
||
| 956 |
_aYLOCKWARD _b10 |
||
| 999 |
_c9824 _d9824 |
||